LEADER 01171cam2-2200361---450- 001 990005508310403321 005 20101021110945.0 035 $a000550831 035 $aFED01000550831 035 $a(Aleph)000550831FED01 035 $a000550831 100 $a19990604d1952----km-y0itay50------ba 101 0 $aeng 102 $aIT 105 $aa-------001yy 200 1 $aIconography of the Saints in Tuscan Painting$fby George Kaftal 210 $aFlorence$cSansoni$d1952 215 $aL, 1274 p.$cill.$d32 cm 300 $aEd. di 1000 esempl. num, esempl. n. 583 e 783 461 0$1001000550827$12001$aSaints in Italian Art$fby George Kaftal$v1 610 0 $aSanti$aIconografia$aToscana 610 0 $aSanti$aIconografia$aItalia$aSec. 13.- 16. 676 $a755.630945 676 $a704.94863$v21$zita 700 1$aKaftal,$bGeorge$f<1897-1987>$0152316 801 0$aIT$bUNINA$gRICA$2UNIMARC 901 $aBK 912 $a990005508310403321 952 $a755.63 KAF 1 (1) BIS$bST.ARTE 10329$fFLFBC 952 $a755.63 KAF 1 (1)$bST.MED.MOD. 7102$fFLFBC 959 $aFLFBC 996 $aIconography of the Saints in Tuscan Painting$9588961 997 $aUNINA LEADER 01059nam2-2200373---450- 001 990001916190203316 005 20090504144914.0 035 $a000191619 035 $aUSA01000191619 035 $a(ALEPH)000191619USA01 035 $a000191619 100 $a20040809d1958----km-y0itay0103----ba 101 0 $aita 102 $aIT 105 $a||||||||001yy 200 1 $aDiritto processuale$e(autori stranieri) 210 $aPadova$cCEDAM$d1958 215 $a467 p.$d26 cm 410 0$12001 454 1$12001 461 1$1001000191613$12001$aScritti giuridici in memoria di Piero Calamandrei 600 1 $aCalamandrei,$bPiero 676 $a340.02 702 1$aCALAMANDREI,$bPiero 801 0$aIT$bsalbc$gISBD 912 $a990001916190203316 951 $aXXI.4. 35/2 (IX E 18/2)$b36 L.M.$cIX E$d00191389 959 $aBK 969 $aGIU 979 $aSIAV4$b10$c20040809$lUSA01$h0958 979 $aSIAV4$b10$c20040809$lUSA01$h1001 979 $aRSIAV4$b90$c20090504$lUSA01$h1449 996 $aDiritto processuale$9858637 997 $aUNISA